Proper provision for the insane / (Record no. 186617)

MARC details
000 -LEADER
campo de control de longitud fija 00680nam a2200181 i 4500
001 - NÚMERO DE CONTROL
campo de control 186617
003 - IDENTIFICADOR DE NÚMERO DE CONTROL
campo de control ES-MaACL
005 - FECHA Y HORA DE LA ÚLTIMA TRANSACCIÓN
campo de control 20230906222716.0
008 - DATOS DE LONGITUD FIJA--INFORMACIÓN GENERAL
campo de control de longitud fija 161209q1870 xxu |||| | eng d
100 1# - ENTRADA PRINCIPAL--NOMBRE DE PERSONA
Nombre de persona Jarvis, Edward (
Fechas asociadas al nombre 1803-1884)
9 (RLIN) 66146
245 10 - MENCIÓN DEL TÍTULO
Título Proper provision for the insane /
Mención de responsabilidad, etc. [ Edward Jarvis].
260 ## - PUBLICACIÓN, DISTRIBUCIÓN, ETC.
Lugar de publicación, distribución, etc. [Boston :
Nombre del editor, distribuidor, etc. s.n.,
Fecha de publicación, distribución, etc. 1870?]
300 ## - DESCRIPCIÓN FÍSICA
Extensión 20 p. ;
Dimensiones 20 cm.
594 ## - Nota al título y mención de responsabilidad
Nota al título y mención de responsabilidad Título tomado de principio del texto, sin portada.
595 ## -
-- Datos completados con el Catálogo de la Biblioteca del Congreso de EE. UU.
650 04 - PUNTO DE ACCESO ADICIONAL DE MATERIA--TÉRMINO DE MATERIA
Término de materia o nombre geográfico como elemento de entrada Hospitales psiquiátricos.
9 (RLIN) 13485
852 ## - LOCALIZACIÓN
Ubicación ES-MaACL
Número de control de estantería T-473-F-11
condición física - Falto de cub. original
Nota libre - Enc. en un vol. facticio
Holdings
Estatus retirado Estado de pérdida Estado de daño No para préstamo Colección Biblioteca de origen Biblioteca actual Ubicación en estantería Fecha de adquisición Fuente de adquisición Total de préstamos Signatura topográfica completa Código de barras Visto por última vez Precio de reemplazo Tipo de ítem Koha
        Colección de folletos Biblioteca del Ateneo de Madrid Biblioteca del Ateneo de Madrid Depósito folletos 09/12/2016     T-473-F-11 1196800 23/02/2023 23/02/2023 Folleto